[Event "COL-ch U16 m sf3"]
[Site "Pereira"]
[Date "2016.05.28"]
[Round "3.8"]
[White "Gallego, Julian Andres"]
[Black "Arenas Betancur, German Steven"]
[Result "1-0"]
[WhiteElo "1646"]
[BlackElo "1580"]
[PlyCount "65"]
[EventDate "2016.05.27"]
[EventType "swiss"]
[EventRounds "6"]
[EventCountry "COL"]
[SourceTitle "EXT 2024"]
[Source "ChessBase"]
[SourceDate "2023.10.10"]
[SourceVersion "1"]
[SourceVersionDate "2023.10.10"]
[SourceQuality "1"]

1. d4 Nf6 2. c4 b6 3. Nc3 Bb7 4. f3 e6 5. e4 Bb4 6. Bd3 d6 7. Qa4+ Nc6 8. d5 Bxc3+ 9. bxc3 Qd7 10. dxc6 Bxc6 11. Qc2 e5 12. Ne2 h5 13. h4 Nh7 14. Ng3 g6 15. Be3 Nf8 16. Qf2 Ne6 17. Nf1 Bb7 18. Nd2 Rd8 19. Nb3 Qa4 20. 0-0 f6 21. f4 Rf8 22. f5 gxf5 23. Qxf5 Qd7 24. Qxh5+ Qf7 25. Qxf7+ Rxf7 26. Rf2 Kd7 27. Raf1 Ke7 28. g4 Bc8 29. g5 Rdf8 30. g6 Rg7 31. h5 Nf4 32. Bxf4 exf4 33. Rxf4 1-0